LIBRARY ONLINE CATALOGUE

Nyumba ya sungura. (Record no. 14210)

MARC details
000 -LEADER
fixed length control field 00506nam a22001932 4500
001 - CONTROL NUMBER
control field 0000005642
005 - DATE AND TIME OF LATEST TRANSACTION
control field 20151217160110.0
008 - FIXED-LENGTH DATA ELEMENTS--GENERAL INFORMATION
fixed length control field 070620s xx 000 0 eng d
020 ## - INTERNATIONAL STANDARD BOOK NUMBER
International Standard Book Number 9966472371 :
Terms of availability KES 80
040 ## - CATALOGING SOURCE
Original cataloging agency KABU
Transcribing agency KABU
050 #0 - LIBRARY OF CONGRESS CALL NUMBER
Classification number PZ90
Item number .S94K5N9
100 1# - MAIN ENTRY--PERSONAL NAME
Personal name Kimunyi, Njiru.
-- 0000156870
245 10 - TITLE STATEMENT
Title Nyumba ya sungura.
260 ## - PUBLICATION, DISTRIBUTION, ETC. (IMPRINT)
Place of publication, distribution, etc. Nairobi :
Name of publisher, distributor, etc. Phoenix,
Date of publication, distribution, etc. 2003.
300 ## - PHYSICAL DESCRIPTION
Extent 48 p.
908 ## - PUT COMMAND PARAMETER (RLIN)
Put command parameter 070620
950 ## - LOCAL HOLDINGS (RLIN)
-- 1
Holdings
Withdrawn status Lost status Source of classification or shelving scheme Not for loan Home library Current library Date acquired Total Checkouts Full call number Barcode Date last seen Price effective from Koha item type
    Library of Congress Classification   Kabarak, Main Campus Kabarak, Main Campus 17/12/2015   PZ90 .S94K5N9 002100 17/12/2015 17/12/2015 Children Collection